[Event "XXXV Festival A"]
[Site "Imperia ITA"]
[Date "1993.09.??"]
[Round "?"]
[White "Arlandi, Ennio"]
[Black "Ortega, Lexy"]
[WhiteElo "2440"]
[BlackElo "2450"]
[Result "1-0"]
[PlyCount "83"]
[EventDate "1993.09.04"]

1. d4 Nf6 2. c4 e6 3. Nc3 Bb4 4. Qc2 c5 5. dxc5 Na6 6. a3 Bxc3+ 7. Qxc3 Nxc5 8.
b4 Nce4 9. Qc2 d5 10. f3 Nd6 11. c5 Nf5 12. e3 Qc7 13. Kf2 e5 14. Bb5+ Kf8 15.
Ne2 a6 16. Ba4 h5 17. Bb2 Be6 18. Ng3 Ne7 19. Rhd1 h4 20. Nf1 Rd8 21. Qc3 Rh5
22. Bc2 Nc6 23. Qe1 e4 24. Bxf6 gxf6 25. fxe4 d4 26. Kg1 Ke7 27. Qf2 Qe5 28.
Rac1 Rg5 29. Qxh4 d3 30. Rxd3 Rxd3 31. Bxd3 Qb2 32. Rc2 Qxa3 33. Be2 Qxb4 34.
Qf4 Ne5 35. h4 Rg8 36. h5 a5 37. h6 a4 38. Bh5 Rg5 39. Qxg5 Qxe4 40. Qg7 Qxc2
41. h7 Nd3 42. Qg3 1-0

[Event "XXXV Festival A"]
[Site "Imperia ITA"]
[Date "1993.09.??"]
[Round "?"]
[White "Del Dotto, Luigi"]
[Black "Leoncini, Mario"]
[WhiteElo "1936"]
[BlackElo "2250"]
[Result "1/2-1/2"]
[PlyCount "33"]
[EventDate "1993.09.04"]

1. e4 c5 2. d4 cxd4 3. c3 d5 4. exd5 Qxd5 5. cxd4 Nc6 6. Nf3 e5 7. Nc3 Bb4 8.
Bd2 Bxc3 9. Bxc3 e4 10. Ne5 Nxe5 11. dxe5 Ne7 12. Qxd5 Nxd5 13. Bb5+ Bd7 14.
Rd1 Bxb5 15. Rxd5 Bc4 16. Rd4 Bxa2 17. O-O 1/2-1/2

[Event "XXXV Festival A"]
[Site "Imperia ITA"]
[Date "1993.09.??"]
[Round "?"]
[White "Forintos, Gyozo Victor"]
[Black "Leoncini, Mario"]
[WhiteElo "2410"]
[BlackElo "2250"]
[Result "1-0"]
[PlyCount "76"]
[EventDate "1993.09.04"]

1. d4 d5 2. c4 e6 3. Nf3 Nf6 4. Nc3 Be7 5. Bf4 O-O 6. e3 b6 7. Bd3 Bb7 8. O-O
c5 9. Qe2 Nbd7 10. cxd5 exd5 11. h3 Ne4 12. Rac1 Re8 13. Rfd1 Nxc3 14. bxc3
cxd4 15. cxd4 Rc8 16. Ba6 Ba3 17. Rb1 Bxa6 18. Qxa6 Bf8 19. Qxa7 Ra8 20. Qb7
Nf6 21. Rd2 Re7 22. Qxb6 Qxb6 23. Rxb6 Rea7 24. Rbb2 h6 25. Rdc2 Ba3 26. Rb5
Be7 27. Rb8+ Rxb8 28. Bxb8 Ra3 29. Ne5 Ne4 30. Rc8+ Kh7 31. Nc6 Bg5 32. Nb4 Ra4
33. Nxd5 Rxa2 34. f3 Ra1+ 35. Kh2 Nd2 36. Kg3 Nf1+ 37. Kf2 Nxe3 38. Nxe3 Ra2+
1-0

[Event "XXXV Festival A"]
[Site "Imperia ITA"]
[Date "1993.09.??"]
[Round "?"]
[White "Luciani, Carlo"]
[Black "Arlandi, Ennio"]
[WhiteElo "2265"]
[BlackElo "2440"]
[Result "0-1"]
[PlyCount "74"]
[EventDate "1993.09.04"]

1. e4 c5 2. Nf3 e6 3. d4 cxd4 4. Nxd4 Nf6 5. Bd3 Nc6 6. Nxc6 bxc6 7. O-O d5 8.
exd5 cxd5 9. c4 Be7 10. cxd5 Nxd5 11. Bb5+ Bd7 12. Qa4 Rb8 13. Bxd7+ Qxd7 14.
Qxd7+ Kxd7 15. Rd1 Bf6 16. Nc3 Bxc3 17. bxc3 Rhc8 18. Be3 a6 19. Bd4 f6 20. g3
Kd6 21. Rd2 Rb5 22. a4 Rb3 23. f4 Rc4 24. a5 e5 25. fxe5+ fxe5 26. Bb6 Rcxc3
27. Rad1 Rb5 28. Rf1 Ke7 29. Rfd1 Ke6 30. Bd8 e4 31. Re2 Ke5 32. Rde1 e3 33.
Kg2 Ke4 34. Rf1 Rcb3 35. Rf7 Rb2 36. Kf1 Rxe2 37. Kxe2 Rb1 0-1

[Event "XXXV Festival A"]
[Site "Imperia ITA"]
[Date "1993.09.??"]
[Round "?"]
[White "Luciani, Carlo"]
[Black "Kosten, Anthony C."]
[WhiteElo "2265"]
[BlackElo "2495"]
[Result "0-1"]
[PlyCount "76"]
[EventDate "1993.09.04"]

1. e4 e5 2. Nc3 Nf6 3. Nf3 d6 4. d4 Nbd7 5. Bc4 Be7 6. O-O O-O 7. Re1 c6 8. a4
b6 9. Bg5 a6 10. dxe5 Nxe5 11. Be2 h6 12. Bf4 Ng6 13. Be3 Ng4 14. Bc1 Bf6 15.
Nd4 Nxf2 16. Kxf2 Bxd4+ 17. Qxd4 Qh4+ 18. Kf1 f5 19. Bf3 Ne5 20. Qf2 Qxh2 21.
Ke2 fxe4 22. Nxe4 Bg4 23. Be3 Qh5 24. Nd2 Rae8 25. Ra3 d5 26. Kd1 Bxf3+ 27.
gxf3 Nxf3 28. Qe2 Qh3 29. Rf1 Nxd2 30. Rxf8+ Rxf8 31. Kxd2 Qh4 32. Rb3 d4 33.
Qc4+ Kh8 34. Bxd4 Rf2+ 35. Kc3 Qg3+ 36. Kb4 Qd6+ 37. Kc3 Rf3+ 38. Kd2 Rxb3 0-1

[Event "XXXV Festival A"]
[Site "Imperia ITA"]
[Date "1993.09.??"]
[Round "?"]
[White "Vujovic, Milorad"]
[Black "Faraci, Antonino"]
[WhiteElo "2280"]
[BlackElo "1973"]
[Result "0-1"]
[PlyCount "42"]
[EventDate "1993.09.04"]

1. e4 c5 2. Nf3 d6 3. h3 Nf6 4. c3 Bd7 5. Bd3 g6 6. Bc2 Bg7 7. O-O Nc6 8. Re1
Qc7 9. d3 O-O 10. Nbd2 Rab8 11. Nf1 b5 12. Ne3 e6 13. a3 b4 14. Nc4 bxc3 15.
bxc3 d5 16. exd5 Nxd5 17. d4 Nxc3 18. Qd3 Nxd4 19. Nxd4 cxd4 20. Bd2 Bb5 21.
Bb3 Ba6 0-1

[Event "XXXV Festival A"]
[Site "Imperia ITA"]
[Date "1993.09.??"]
[Round "3"]
[White "Leoncini, Mario"]
[Black "Sulava, Nenad"]
[WhiteElo "2250"]
[BlackElo "2430"]
[Result "1/2-1/2"]
[PlyCount "97"]
[EventDate "1993.09.04"]

1. e4 c5 2. Nf3 e6 3. c3 Ne7 4. d4 cxd4 5. cxd4 d5 6. Bd3 dxe4 7. Bxe4 g6 8. h4
h6 9. Bf4 Nbc6 10. Nc3 Bg7 11. Be5 Nxe5 12. dxe5 Qxd1+ 13. Rxd1 Bd7 14. O-O
O-O-O 15. Rfe1 a6 16. g3 Kc7 17. Re2 Nc6 18. Bxc6 Bxc6 19. Nd4 Bd5 20. Nxd5+
Rxd5 21. f4 Rhd8 22. Rc1+ Kb6 23. Nf3 Bf8 24. Kg2 Rd1 25. Rec2 Be7 26. Kf2 R8d5
27. Ke2 Rxc1 28. Rxc1 Rc5 29. Rxc5 Kxc5 30. Kd3 f5 31. exf6 Bxf6 32. Ke4 Bxb2
33. Ne5 Kb4 34. Nxg6 Bg7 35. g4 Ka3 36. f5 exf5+ 37. Kxf5 Kxa2 38. Ne7 a5 39.
Kg6 Bf8 40. Kf7 Bxe7 41. Kxe7 a4 42. g5 hxg5 43. hxg5 a3 44. g6 Kb1 45. g7 a2
46. g8=Q a1=Q 47. Qg1+ Ka2 48. Qxa1+ Kxa1 49. Kd6 1/2-1/2

[Event "XXXV Festival A"]
[Site "Imperia ITA"]
[Date "1993.09.??"]
[Round "6"]
[White "Emanuelli, Renato"]
[Black "Leoncini, Mario"]
[WhiteElo "1977"]
[BlackElo "2250"]
[Result "1/2-1/2"]
[PlyCount "79"]
[EventDate "1993.09.04"]

1. d4 d5 2. c4 e6 3. Nc3 Nf6 4. Bg5 Be7 5. Nf3 O-O 6. e3 h6 7. Bh4 b6 8. cxd5
Nxd5 9. Bxe7 Qxe7 10. Nxd5 exd5 11. Rc1 Be6 12. Bd3 c5 13. dxc5 bxc5 14. O-O
Nd7 15. b3 a5 16. Bb5 Rfc8 17. a4 Nf6 18. Qe2 Qd6 19. Rfd1 Qb8 20. h3 Ne4 21.
Nd2 Nd6 22. Bd3 Qb4 23. e4 Nxe4 24. Nxe4 dxe4 25. Qxe4 Qxe4 26. Bxe4 Rab8 27.
Bd5 Kf8 28. Bxe6 fxe6 29. Rd7 Rxb3 30. Ra7 c4 31. Rxa5 c3 32. Rb5 Ra3 33. a5
Ra2 34. Kf1 Rd8 35. Rb4 Rdd2 36. Rf4+ Kg8 37. Rf3 Rdb2 38. g3 c2 39. Ke2 Rxa5
40. Rc3 1/2-1/2

[Event "XXXV Festival A"]
[Site "Imperia ITA"]
[Date "1993.09.??"]
[Round "7"]
[White "Vigano' Massimo"]
[Black "Leoncini, Mario"]
[WhiteElo "1929"]
[BlackElo "2250"]
[Result "0-1"]
[PlyCount "134"]
[EventDate "1993.09.04"]

1. e4 c5 2. Nf3 Nc6 3. d4 cxd4 4. Nxd4 Nf6 5. Nc3 e5 6. Ndb5 d6 7. Bg5 a6 8.
Na3 b5 9. Nd5 Be7 10. Bxf6 Bxf6 11. c3 O-O 12. Nc2 Bg5 13. a4 bxa4 14. Rxa4 a5
15. Bd3 Rb8 16. b4 Be6 17. b5 Ne7 18. c4 Ng6 19. Nce3 Nf4 20. Nxf4 exf4 21. Nd5
Bxd5 22. exd5 Re8+ 23. Kf1 Re5 24. g3 Qb6 25. Kg2 Rbe8 26. Qf3 fxg3 27. hxg3 g6
28. Ra2 Bd8 29. Qf4 Re1 30. Ra1 Rxa1 31. Rxa1 Qc5 32. Ra2 Bb6 33. Qf3 Kg7 34.
Re2 Rxe2 35. Qxe2 a4 36. Bb1 Qd4 37. Kf3 a3 38. Qc2 h5 39. Kg2 Kf6 40. Qe2 Kg7
41. Qc2 Qb2 42. Qxb2+ axb2 43. f4 f5 44. Kf3 Kf7 45. Ke2 Ke7 46. Ke1 Kd7 47.
Ke2 Kc7 48. Ke1 Bc5 49. Ke2 Kb6 50. Ke1 Ka5 51. Ke2 Kb4 52. Ba2 Ka3 53. Bb1 Kb3
54. Kd3 Bb6 55. Kd2 Kxc4 56. Kc2 Kxb5 57. Kxb2 Bf2 58. Kc3 Bxg3 59. Kd4 Bxf4
60. Bd3+ Kb6 61. Bf1 Kc7 62. Kd3 Kd7 63. Ke2 Ke7 64. Kf3 Be5 65. Be2 Kf6 66.
Bd3 g5 67. Kg2 g4 0-1

[Event "XXXV Festival A"]
[Site "Imperia ITA"]
[Date "1993.09.??"]
[Round "9"]
[White "Leoncini, Mario"]
[Black "Astengo, Corrado"]
[WhiteElo "2250"]
[BlackElo "2165"]
[Result "1-0"]
[PlyCount "115"]
[EventDate "1993.09.04"]

1. e4 e6 2. d4 d5 3. Nc3 Bb4 4. e5 c5 5. a3 Bxc3+ 6. bxc3 Ne7 7. Qg4 Nbc6 8.
Qxg7 Rg8 9. Qxh7 Qc7 10. Ne2 cxd4 11. f4 dxc3 12. Qd3 Bd7 13. Qxc3 Rc8 14. Rb1
d4 15. Qb2 b6 16. Rg1 Nf5 17. g4 Nh4 18. Rg3 f6 19. exf6 e5 20. Qb3 Kf8 21.
fxe5 Rg6 22. e6 Bxe6 23. Qxe6 Re8 24. Bf4 Rxe6 25. Bxc7 Rgxf6 26. Bg2 d3 27.
cxd3 Nd4 28. Be4 Nc2+ 29. Kd2 Nxa3 30. Rb3 Nc4+ 31. dxc4 Rxe4 32. Bd8 Rf2 33.
Rge3 Rxg4 34. Bxh4 Rxh4 35. Rf3+ Rxf3 36. Rxf3+ Ke7 37. Kc3 Rxh2 38. Nd4 Ra2
39. Kb3 Ra1 40. Rh3 Kd6 41. Rh6+ Kc5 42. Kc3 Rc1+ 43. Nc2 a6 44. Rh5+ Kd6 45.
Kb2 Rg1 46. Nb4 Rg2+ 47. Kc3 Rg3+ 48. Nd3 Rg4 49. Rh6+ Kc7 50. Rf6 Rh4 51. Rf4
Rh6 52. Nb4 Rh3+ 53. Kd4 a5 54. Nd5+ Kb7 55. Rf7+ Ka6 56. Rf6 Rb3 57. c5 a4 58.
Rxb6+ 1-0